(Ne)dôveryhodnosť ako nástroj politického marketingu vo volebnej kampani

Faktory ovplyvňujúce volebnú kampaň na Slovensku. (Ne)dôveryhodnosť ako nástroj politického marketingu. Analýza (ne)dôveryhodnosti politikov Igora Matoviča a Roberta Fica.

Salvato in:
Dettagli Bibliografici
Autore principale: Čársky, Jaroslav
Natura: Capitolo di libro
Lingua:slovacco
Soggetti:
Tags: Aggiungi Tag
Nessun Tag, puoi essere il primo ad aggiungerne!!

MARC

LEADER 00000naa$a2200000$$$4500
001 0252611
005 20190326132256.2
041 0 |a slo 
044 |a SK 
245 1 0 |a (Ne)dôveryhodnosť ako nástroj politického marketingu vo volebnej kampani 
520 |a Faktory ovplyvňujúce volebnú kampaň na Slovensku. (Ne)dôveryhodnosť ako nástroj politického marketingu. Analýza (ne)dôveryhodnosti politikov Igora Matoviča a Roberta Fica. 
610 2 0 |a marketing politický 
610 2 0 |a populizmus 
610 2 0 |a politika 
610 2 0 |a kampane volebné 
610 2 0 |a Slovensko 
100 1 |a Čársky, Jaroslav